History Quiz

Random History or Year Quiz
Score 0/30 Timer 07:00
1 Play Today
Day Answer % Correct
June 3Washington D.C.
93.9%
June 6Normandy
89.8%
June 17Watergate
84.5%
June 11The Declaration of Independence
81.6%
June 15Magna Carta
80.6%
June 2Westminster Abbey
78.7%
June 21United States
75.7%
June 7Mahatma Gandhi
75.6%
June 28Franz Ferdinand
74.2%
June 12'...tear down this wall.'
72%
June 18Waterloo, Belgium
71.2%
June 13Alexander the Great
70.6%
June 29The Globe Theater
65.7%
June 23Egypt
64.8%
June 14Falkland Islands War
58.9%
Day Answer % Correct
June 25Korean Peninsula
58.8%
June 9Joseph McCarthy
56%
June 26'Ich bin ein Berliner'
51.7%
June 8Muhammad
51.7%
June 1Boxer Rebellion
51%
June 10Kosovo
50.3%
June 16South Africa
49.9%
June 5Six-Day War
48.7%
June 4Tiananmen Square
47.8%
June 27Nicaragua
44.9%
June 22Henry Hudson
26.9%
June 24Tonkin Gulf Resolution
22.2%
June 19Maximilian
20.3%
June 30Nigeria
17.4%
June 20Tennis Court Oath
15.7%
Remove Ads.
Support Sporcle.
Get the best of Sporcle when you Go Orange. This ad-free experience offers more features, more stats, and more fun while also helping to support Sporcle. Thank you for becoming a member.

You're not logged in!

Compare scores with friends on all Sporcle quizzes.
OR
Log In

Sporcle TV

Today on Sporcle TV


Watch our educational content, quiz creation guides, and fun videos on Sporcle TV.

Show Comments

Extras

Top Quizzes Today


Score Distribution

Paid Content

Your Account Isn't Verified!

In order to create a playlist on Sporcle, you need to verify the email address you used during registration. Go to your Sporcle Settings to finish the process.

Report this User

Report this user for behavior that violates our Community Guidelines.

Details: